000 00702nam a2200265Ia 4500
005 20260302114119.0
008 008 260114s9999 xx 000 0 eng d
020 _a9781350303898
037 _aTextbook
040 _aCRL
040 _beng
040 _cCRL
041 _2eng
041 _aeng
084 _qCRL
100 _aGail M. Presbey
_91117797
245 4 _aThe Life and Thought of H. Odera Oruka Pursuing Justice in Africa
260 _bBloomsbury
260 _bBloomsbury Academic
260 _c2023
650 _aPhilosophy
856 _uhttps://doi.org/10.5040/9781350303898?locatt=label:secondary_bloomsburyCollections
942 _cEBOOK
999 _c1681389
_d1681389